000 00272nam a22001217a 4500
020 _a0-08-021295-6
082 _a620.7 LAR'W
100 _aWAXLER, ALVIN
_974487
245 _aLARGE ENGINEERING SYSTEMS
260 _aOXFORD
_bPERGMAN
_c1977
300 _a710P
942 _cBK
999 _c580011
_d580011